[Event "World Rapid 2023"]
[Site "Samarkand UZB"]
[Date "2023.12.28"]
[EventDate "2023.12.26"]
[Round "11.52"]
[Result "1/2-1/2"]
[White "Klementy Sychev"]
[Black "Anton Demchenko"]
[WhiteElo "2542"]
[BlackElo "2609"]
[PlyCount "66"]

1. e4 e5 2. Nf3 Nc6 3. d4 exd4 4. Nxd4 Bc5 5. Nb3 Bb6 6. Nc3 d6 7. Qe2 a5 8. Be3
a4 9. Bxb6 axb3 10. Be3 bxa2 11. Rxa2 Rxa2 12. Nxa2 Nge7 13. Nc3 O-O 14. Qd2 Be6
15. Be2 f5 16. O-O h6 17. f3 Qd7 18. Re1 fxe4 19. Nxe4 Nd5 20. Nc3 Nxe3 21. Qxe3
Qf7 22. f4 Bc4 23. g3 Bxe2 24. Rxe2 Ra8 25. Qe4 Kh8 26. Nd5 Rf8 27. b4 Ne5 28.
Nxc7 Qxc7 29. fxe5 dxe5 30. Qxe5 Qf7 31. Qf4 Qxf4 32. gxf4 Rxf4 33. c3 1/2-1/2

[Event "World Rapid 2023"]
[Site "Samarkand UZB"]
[Date "2023.12.28"]
[EventDate "2023.12.26"]
[Round "11.53"]
[Result "0-1"]
[White "Elham Amar"]
[Black "Levan Pantsulaia"]
[WhiteElo "2555"]
[BlackElo "2561"]
[PlyCount "104"]

1. e4 c5 2. Nf3 e6 3. c3 Nf6 4. e5 Nd5 5. Bc4 Nc6 6. O-O d6 7. d4 cxd4 8. cxd4
Be7 9. Qe2 O-O 10. Nc3 Nxc3 11. bxc3 dxe5 12. dxe5 b6 13. Bd3 Bb7 14. Re1 Qd7
15. Bf4 Rfd8 16. Rad1 Qe8 17. Ng5 Bxg5 18. Bxg5 Rd5 19. Qe4 g6 20. Qf4 Rc8 21.
Bc2 Nb8 22. Bb3 Rxd1 23. Rxd1 Qc6 24. f3 Nd7 25. Bf6 Nxf6 26. exf6 Qxc3 27. h4
Qc5+ 28. Kh1 Bd5 29. Bxd5 exd5 30. Qh6 Qf8 31. Qxf8+ Kxf8 32. Rxd5 Ke8 33. Re5+
Kd8 34. g4 h6 35. Kg2 Rc6 36. g5 hxg5 37. hxg5 Rc5 38. Re7 Rxg5+ 39. Kf2 Ra5 40.
Rxf7 Rxa2+ 41. Kg3 Ke8 42. Rb7 Ra5 43. Rg7 a6 44. Ra7 Rg5+ 45. Kh4 Rh5+ 46. Kg4
a5 47. f4 Rf5 48. Re7+ Kf8 49. Re6 b5 50. Kf3 b4 51. Rb6 Kf7 52. Ra6 Rb5 0-1

[Event "World Rapid 2023"]
[Site "Samarkand UZB"]
[Date "2023.12.28"]
[EventDate "2023.12.26"]
[Round "11.54"]
[Result "1-0"]
[White "Vahap Sanal"]
[Black "Stepan Zilka"]
[WhiteElo "2595"]
[BlackElo "2615"]
[PlyCount "70"]

1. e4 e5 2. Nf3 Nc6 3. Bb5 a6 4. Ba4 Nf6 5. O-O Nxe4 6. d4 Be7 7. Re1 b5 8. Bb3
d5 9. dxe5 Be6 10. c3 O-O 11. Nbd2 Nc5 12. Nd4 Nxd4 13. cxd4 Nd3 14. Re3 Nxc1
15. Rxc1 c5 16. dxc5 Rc8 17. Rd3 Rxc5 18. Rxc5 Bxc5 19. Ne4 Bb6 20. Bxd5 Qh4 21.
g3 Qe7 22. Bxe6 Qxe6 23. Rd5 f6 24. Qd3 Re8 25. Kg2 Bc7 26. Nd6 Rd8 27. f4 fxe5
28. fxe5 Bb6 29. Qb3 Bc7 30. Qd3 Bb6 31. h4 Rf8 32. Ne4 Ba7 33. Rd7 Qb6 34. Nf6+
Rxf6 35. exf6 1-0

[Event "World Rapid 2023"]
[Site "Samarkand UZB"]
[Date "2023.12.28"]
[EventDate "2023.12.26"]
[Round "11.55"]
[Result "1-0"]
[White "Robert Ruck"]
[Black "Kacper Piorun"]
[WhiteElo "2531"]
[BlackElo "2593"]
[PlyCount "108"]

1. Nf3 f5 2. g3 Nf6 3. Bg2 g6 4. d4 Bg7 5. b3 O-O 6. Bb2 b6 7. c4 Bb7 8. O-O e6
9. Nc3 Ne4 10. Rc1 d6 11. e3 Nd7 12. Qc2 Qe7 13. b4 c5 14. a3 Nxc3 15. Bxc3 e5
16. bxc5 bxc5 17. d5 Bc8 18. Nd2 h5 19. f4 h4 20. Nf3 hxg3 21. hxg3 e4 22. Bxg7
Qxg7 23. Ng5 Nf6 24. Rb1 Bd7 25. Rb7 Rfb8 26. Rfb1 Rxb7 27. Rxb7 Ng4 28. Qc1 Qe7
29. Bf1 Qe8 30. Be2 Bc8 31. Rf7 Rb8 32. Bxg4 fxg4 33. Qc3 Qxf7 34. Nxf7 Rb1+ 35.
Kf2 Kxf7 36. Qa5 Ke7 37. Qxa7+ Bd7 38. a4 Rb2+ 39. Ke1 Rb3 40. Ke2 Rb2+ 41. Kd1
Rg2 42. Qa8 Rxg3 43. Qh8 Rg1+ 44. Ke2 g3 45. Qg7+ Kd8 46. Qxg6 Kc7 47. a5 Rg2+
48. Kf1 Ra2 49. Qxg3 Ra4 50. Qg7 Rxc4 51. f5 Rc1+ 52. Ke2 c4 53. Kd2 Rf1 54. f6 1-0

[Event "World Rapid 2023"]
[Site "Samarkand UZB"]
[Date "2023.12.28"]
[EventDate "2023.12.26"]
[Round "11.56"]
[Result "1/2-1/2"]
[White "Cem Kaan Gokerkan"]
[Black "Velimir Ivic"]
[WhiteElo "2523"]
[BlackElo "2570"]
[PlyCount "110"]

1. e4 c5 2. c3 Nf6 3. e5 Nd5 4. d4 d6 5. Nf3 Nc6 6. Bb5 e6 7. O-O Be7 8. dxc5
dxe5 9. Nxe5 Qc7 10. Qa4 O-O 11. Nxc6 bxc6 12. Bxc6 Bb7 13. Bxb7 Qxb7 14. c4 Nf6
15. c6 Qc7 16. h3 Rab8 17. Nd2 Rfd8 18. Nf3 Bc5 19. Qc2 Qxc6 20. Bg5 a5 21. b3
a4 22. Bxf6 gxf6 23. Rad1 Qb6 24. Rxd8+ Rxd8 25. Rb1 axb3 26. axb3 Kg7 27. Kf1
Rd7 28. Qe2 Qb4 29. Qe1 Qa3 30. b4 Rb7 31. Qe4 Rxb4 32. Rxb4 Qxb4 33. g3 Qc3 34.
Qe2 Kf8 35. Nd2 f5 36. Nf3 Ke7 37. Kg2 Kf6 38. Qd2 Qxd2 39. Nxd2 h5 40. Nb3 Ba7
41. f4 Ke7 42. Kf3 f6 43. g4 fxg4+ 44. hxg4 h4 45. c5 h3 46. Kg3 Bb8 47. Kxh3
Bxf4 48. Kg2 Kd7 49. Kf3 Bh2 50. Ke4 Bg1 51. Kd3 Kc6 52. Kc4 Bf2 53. Na5+ Kc7
54. Nb3 Be3 55. Na5 f5 1/2-1/2

[Event "World Rapid 2023"]
[Site "Samarkand UZB"]
[Date "2023.12.28"]
[EventDate "2023.12.26"]
[Round "11.57"]
[Result "0-1"]
[White "Mustafokhuja Khusenkhojaev"]
[Black "Denis Lazavik"]
[WhiteElo "2298"]
[BlackElo "2566"]
[PlyCount "56"]

1. d4 f5 2. Nf3 Nf6 3. c4 g6 4. g3 Bg7 5. Bg2 O-O 6. O-O d6 7. Nc3 c6 8. Re1 Na6
9. e4 fxe4 10. Nxe4 Nxe4 11. Rxe4 Bf5 12. Rh4 e5 13. dxe5 dxe5 14. Bh6 Qxd1+ 15.
Rxd1 Bxh6 16. Rxh6 Bg4 17. h3 Bxf3 18. Rd7 Nc5 19. Re7 Bxg2 20. Rhxh7 Ne6 21.
Kxg2 Rad8 22. Rd7 Rxd7 23. Rxd7 Rf7 24. Rd1 Kg7 25. h4 Kf6 26. g4 Nf4+ 27. Kf3
Ke6 28. Ke4 Nh3 0-1

[Event "World Rapid 2023"]
[Site "Samarkand UZB"]
[Date "2023.12.28"]
[EventDate "2023.12.26"]
[Round "11.58"]
[Result "1-0"]
[White "Baadur Jobava"]
[Black "Daniyal Sapenov"]
[WhiteElo "2591"]
[BlackElo "2350"]
[PlyCount "112"]

1. e4 c5 2. c3 Nf6 3. e5 Nd5 4. d4 cxd4 5. Qxd4 e6 6. Qg4 Nc6 7. Nf3 Nde7 8. Na3
Ng6 9. Nc4 b5 10. Nd6+ Bxd6 11. exd6 Rb8 12. h4 f5 13. Qg5 Qf6 14. h5 Nge5 15.
h6 Nxf3+ 16. gxf3 Qxg5 17. Bxg5 g6 18. f4 Kf7 19. Rh3 Na5 20. b4 Nc4 21. Bxc4
bxc4 22. a4 Bb7 23. Re3 Be4 24. Be7 a6 25. Kd2 Rhc8 26. Rae1 Bc6 27. Ra1 Be4 28.
Rxe4 fxe4 29. Re1 Re8 30. Rxe4 Rxe7 31. dxe7 d5 32. Re1 Kxe7 33. f5 gxf5 34. Rg1
Kf6 35. Rg7 e5 36. Rxh7 d4 37. Ra7 Kg5 38. Rxa6 Kf4 39. h7 Rh8 40. Rh6 d3 41. b5
Kf3 42. b6 Kxf2 43. b7 e4 44. Rh2+ Kf3 45. Rh3+ Kf2 46. Re3 Rb8 47. a5 Rxb7 48.
h8=Q Rb2+ 49. Kc1 Rc2+ 50. Kb1 Kxe3 51. a6 Kd2 52. a7 Rc1+ 53. Kb2 Rc2+ 54. Ka3
Rc1 55. Qh2+ Kd1 56. Kb4 1-0

[Event "World Rapid 2023"]
[Site "Samarkand UZB"]
[Date "2023.12.28"]
[EventDate "2023.12.26"]
[Round "11.59"]
[Result "0-1"]
[White "Surya Shekhar Ganguly"]
[Black "V Pranav"]
[WhiteElo "2578"]
[BlackElo "2611"]
[PlyCount "126"]

1. Nf3 d5 2. e3 g6 3. c4 c6 4. Nc3 Bg7 5. d4 Nf6 6. Be2 O-O 7. O-O b6 8. Qc2 Bb7
9. Rd1 Nbd7 10. e4 dxe4 11. Nxe4 Qc7 12. Nxf6+ Nxf6 13. Bg5 Rad8 14. h3 h6 15.
Be3 Rfe8 16. Qc1 h5 17. Bf4 Qc8 18. Ne5 c5 19. d5 e6 20. d6 Nd7 21. Qe3 Nxe5 22.
Bxe5 f6 23. Bc3 e5 24. Qg3 Qf5 25. f3 Kf7 26. Bd3 Qg5 27. Qxg5 fxg5 28. Be4 Bxe4
29. fxe4 Ke6 30. Rd5 Rxd6 31. Rxd6+ Kxd6 32. Rd1+ Ke6 33. Rd3 Rf8 34. Bd2 Bf6
35. a4 Be7 36. g4 a6 37. Rb3 Rb8 38. Kf2 Kd7 39. Rg3 b5 40. axb5 axb5 41. cxb5
Rxb5 42. b3 Kd6 43. Ke2 Rb8 44. Kd1 Ke6 45. Kc2 Rf8 46. Kc3 Rf2 47. gxh5 gxh5
48. Bxg5 h4 49. Rg4 Rf3+ 50. Kc4 Bxg5 51. Rxg5 Rxh3 52. Rh5 Kf6 53. Rf5+ Ke6 54.
Rh5 Rh1 55. Kxc5 Kf6 56. b4 h3 57. b5 h2 58. Kb6 Kg6 59. Rh8 Kg5 60. Kb7 Kf4 61.
b6 Kxe4 62. Rh6 Kd4 63. Kb8 Rb1 0-1

[Event "World Rapid 2023"]
[Site "Samarkand UZB"]
[Date "2023.12.28"]
[EventDate "2023.12.26"]
[Round "11.60"]
[Result "1-0"]
[White "Jakub Kosakowski"]
[Black "Giovanni Vescovi"]
[WhiteElo "2479"]
[BlackElo "2584"]
[PlyCount "58"]

1. e4 e5 2. Nf3 d6 3. d4 Nd7 4. Bc4 c6 5. O-O Be7 6. dxe5 dxe5 7. Ng5 Bxg5 8.
Qh5 g6 9. Qxg5 Qxg5 10. Bxg5 Nc5 11. Nd2 Ne6 12. Be3 Nf6 13. f3 Ke7 14. Rfd1 Rd8
15. Nb3 Rxd1+ 16. Rxd1 Ne8 17. Na5 N8c7 18. c3 Ke8 19. Bb3 f6 20. Kf2 c5 21. Nc4
Ke7 22. Nd6 b6 23. Ba4 Ba6 24. Nf5+ gxf5 25. Rd7+ Kf8 26. exf5 b5 27. fxe6 Nxe6
28. Bc2 Bc8 29. Rxh7 1-0

[Event "World Rapid 2023"]
[Site "Samarkand UZB"]
[Date "2023.12.28"]
[EventDate "2023.12.26"]
[Round "11.61"]
[Result "0-1"]
[White "Renato Terry"]
[Black "Deshun Xiu"]
[WhiteElo "2522"]
[BlackElo "2510"]
[PlyCount "78"]

1. d4 Nf6 2. Bg5 d5 3. e3 c5 4. c3 Qb6 5. Qb3 Nc6 6. Nd2 e6 7. Ngf3 Be7 8. Be2
O-O 9. Ne5 Nd7 10. Nxd7 Bxd7 11. Bxe7 Nxe7 12. dxc5 Qc7 13. O-O Rfc8 14. Bd3 Ng6
15. Bxg6 hxg6 16. Rfd1 a5 17. e4 a4 18. Qa3 Qxc5 19. Qxc5 Rxc5 20. a3 Bc6 21.
exd5 Rxd5 22. Nf1 Rad8 23. Rxd5 Rxd5 24. Rc1 g5 25. f3 f5 26. Kf2 f4 27. Ke2 Kf7
28. Nd2 Rb5 29. Rc2 g4 30. Kf2 gxf3 31. Nxf3 e5 32. Ke2 Kf6 33. h3 Rd5 34. Kf2
Rd1 35. Re2 e4 36. Re1 e3+ 37. Ke2 Bxf3+ 38. gxf3 Rxe1+ 39. Kxe1 b5 0-1

[Event "World Rapid 2023"]
[Site "Samarkand UZB"]
[Date "2023.12.28"]
[EventDate "2023.12.26"]
[Round "11.38"]
[Result "1/2-1/2"]
[White "Vadim Zvjaginsev"]
[Black "Nodirbek Yakubboev"]
[WhiteElo "2567"]
[BlackElo "2661"]
[PlyCount "270"]

1. d4 Nf6 2. Nf3 g6 3. g3 Bg7 4. Bg2 O-O 5. O-O d6 6. Re1 Ne4 7. Nbd2 Nxd2 8.
Bxd2 e5 9. dxe5 dxe5 10. Bb4 Re8 11. Qxd8 Rxd8 12. Rad1 Re8 13. Nd2 a5 14. Bc3
Nd7 15. Nc4 e4 16. Bd4 f5 17. f3 Bxd4+ 18. Rxd4 Nc5 19. fxe4 fxe4 20. Nd2 Bf5
21. g4 Rad8 22. Rxd8 Rxd8 23. Nb3 Nxb3 24. axb3 Bxg4 25. Bxe4 b6 26. Kf2 Kg7 27.
Rg1 Be6 28. Bd3 Rd5 29. h4 Rh5 30. Kg3 g5 31. Kf2 h6 32. hxg5 Rxg5 33. Rh1 h5
34. e4 Kf6 35. Be2 Rc5 36. c3 Kg6 37. b4 axb4 38. cxb4 Rc2 39. Ke3 Rxb2 40. Rc1
h4 41. Rc6 Kf7 42. Rxc7+ Kf6 43. Rh7 h3 44. b5 Kg6 45. Rh8 Kg7 46. Rh4 Kf6 47.
Rh6+ Kg5 48. Rh5+ Kg6 49. Rh8 Bd7 50. Bf1 Kg5 51. Rg8+ Kh4 52. Kf3 Be6 53. Rg6
Bf7 54. Rg4+ Kh5 55. Bxh3 Rb3+ 56. Kg2 Rxh3 57. Rg7 Be6 58. Rb7 Re3 59. Rxb6
Rxe4 60. Kf3 Re1 61. Rd6 Kg5 62. b6 Bg4+ 63. Kf2 Re2+ 64. Kf1 Rb2 65. Rd4 Kh4
66. Ke1 Kg3 67. b7 Bf3 68. b8=Q+ Rxb8 69. Kd2 Kf2 70. Rh4 Rd8+ 71. Kc3 Ke2 72.
Rh2+ Ke3 73. Rh3 Rc8+ 74. Kb3 Ke4 75. Rg3 Be2 76. Rh3 Bd3 77. Rh4+ Kd5 78. Kb4
Be4 79. Rh5+ Kd4 80. Rh4 Rb8+ 81. Ka4 Kd5 82. Ka3 Rb1 83. Rg4 Rb6 84. Rh4 Bd3
85. Rb4 Bb5 86. Kb3 Kc5 87. Rh4 Bc4+ 88. Kc2 Re6 89. Rh8 Re2+ 90. Kc3 Re3+ 91.
Kd2 Rd3+ 92. Kc2 Rd7 93. Kc3 Rd3+ 94. Kc2 Rf3 95. Rc8+ Kb4 96. Rb8+ Bb5 97. Kd2
Rd3+ 98. Kc2 Re3 99. Rd8 Re2+ 100. Rd2 Re5 101. Rd8 Re2+ 102. Rd2 Re8 103. Rd6
Kc4 104. Kd2 Kc5 105. Rh6 Kb4 106. Rh2 Re4 107. Rg2 Bc4 108. Rh2 Kc5 109. Rh8
Ba6 110. Kc3 Re3+ 111. Kd2 Rd3+ 112. Kc2 Rf3 113. Rh4 Bc4 114. Rh8 Bd3+ 115. Kd2
Be4 116. Rd8 Kc4 117. Rc8+ Kd4 118. Rd8+ Bd5 119. Rd7 Rf8 120. Rd6 Rg8 121. Rd7
Rh8 122. Rd6 Rh2+ 123. Kd1 Ke4 124. Kc1 Bc4 125. Rd2 Rh1+ 126. Kc2 Bb5 127. Kc3
Rc1+ 128. Kb4 Bd3 129. Rh2 Kd4 130. Rh4+ Be4 131. Rg4 Rb1+ 132. Ka4 Kd3 133. Ka5
Bd5 134. Rb4 Rxb4 135. Kxb4 1/2-1/2

[Event "World Rapid 2023"]
[Site "Samarkand UZB"]
[Date "2023.12.28"]
[EventDate "2023.12.26"]
[Round "11.63"]
[Result "0-1"]
[White "M Pranesh"]
[Black "Andrey Gorovets"]
[WhiteElo "2523"]
[BlackElo "2481"]
[PlyCount "152"]

1. e4 c6 2. d4 d5 3. e5 Bf5 4. Nf3 e6 5. Be2 Ne7 6. O-O Ng6 7. a4 Nd7 8. Na3 h5
9. Ne1 f6 10. f4 Qb6 11. c3 a6 12. Kh1 h4 13. Bd3 Ne7 14. b4 a5 15. b5 Bxd3 16.
Nxd3 Nf5 17. bxc6 bxc6 18. Nc2 Qb3 19. Qe2 Kf7 20. Ne3 Nxe3 21. Bxe3 f5 22. Rfb1
Qc4 23. Rb7 Ke8 24. Qc2 Be7 25. Rab1 g6 26. h3 Kd8 27. Kh2 Kc8 28. Qb2 Qa6 29.
Bf2 Bb4 30. cxb4 Qxb7 31. b5 cxb5 32. axb5 Nb6 33. Qc1+ Kb8 34. Nc5 Qc8 35. Qe1
a4 36. Bxh4 Rh7 37. Na6+ Kb7 38. Qb4 Qf8 39. Nc5+ Kb8 40. Rc1 a3 41. Na6+ Kb7
42. Nc5+ Kb8 43. Bf6 Rf7 44. Qb3 Qe8 45. Na6+ Kb7 46. Rc5 Nc4 47. Rc6 Na5 48.
Qxa3 Nxc6 49. bxc6+ Kb6 50. c7 Rxa6 51. Bd8 Rxa3 52. c8=Q+ Kb5 53. Qc5+ Ka4 54.
Qc2+ Kb4 55. Bb6 Qa4 56. Qc8 Rd7 57. Bc5+ Kb3 58. Bxa3 Kxa3 59. Qc3+ Qb3 60.
Qa5+ Kb2 61. Qd2+ Kb1 62. Qe1+ Kc2 63. Qf2+ Kc3 64. Qg3+ Kc4 65. Qxg6 Qb6 66.
Qe8 Qc6 67. h4 Kxd4 68. h5 Ke4 69. h6 Kxf4 70. Qg6 Qc7 71. Qxe6 Ke4 72. g3 Qc2+
73. Kh3 Qd1 74. Kh2 Rc7 75. Qb6 Rc2+ 76. Kh3 Qh5# 0-1

[Event "World Rapid 2023"]
[Site "Samarkand UZB"]
[Date "2023.12.28"]
[EventDate "2023.12.26"]
[Round "11.64"]
[Result "1/2-1/2"]
[White "Manuel Petrosyan"]
[Black "Kazybek Nogerbek"]
[WhiteElo "2619"]
[BlackElo "2483"]
[PlyCount "96"]

1. e4 e5 2. Nf3 Nc6 3. Bb5 a6 4. Ba4 Nf6 5. Nc3 Be7 6. O-O b5 7. Bb3 d6 8. a3
Bg4 9. h3 Bxf3 10. Qxf3 Nd4 11. Qd1 Nxb3 12. cxb3 c5 13. d3 O-O 14. b4 h6 15.
Qb3 Rc8 16. Be3 Qd7 17. Rfc1 c4 18. Qd1 cxd3 19. Qxd3 Qe6 20. Rd1 Qc4 21. f3 Rc6
22. Qxc4 Rxc4 23. Kf2 Rd8 24. g3 d5 25. exd5 Bd6 26. g4 Rdc8 27. Rac1 Kf8 28.
Ke2 Ke8 29. Ne4 Nxe4 30. fxe4 Rxc1 31. Rxc1 Rxc1 32. Bxc1 g5 33. Be3 Kd7 34. Bc5
f6 35. h4 Kc7 36. h5 Kd7 37. Bb6 Kc8 38. Kd3 Kd7 39. Kc2 Ke8 40. Bc5 Kd7 41. Kc3
Be7 42. a4 Bd6 43. b3 Be7 44. Bb6 Bd6 45. Kd3 Be7 46. Ke2 Bd6 47. Bg1 Be7 48.
Kd3 1/2-1/2

[Event "World Rapid 2023"]
[Site "Samarkand UZB"]
[Date "2023.12.28"]
[EventDate "2023.12.26"]
[Round "11.65"]
[Result "0-1"]
[White "Mamikon Gharibyan"]
[Black "Aleksey Dreev"]
[WhiteElo "2504"]
[BlackElo "2606"]
[PlyCount "104"]

1. d4 d5 2. c4 c6 3. Nf3 Nf6 4. e3 Bf5 5. Nc3 e6 6. Nh4 Be4 7. f3 Bg6 8. Bd2
Nbd7 9. Nxg6 hxg6 10. Qc2 Nb6 11. c5 Nbd7 12. O-O-O b6 13. cxb6 axb6 14. e4 b5
15. Kb1 Qb6 16. exd5 exd5 17. Re1+ Kd8 18. Ne2 Bd6 19. Nc1 Kc7 20. Bd3 Ra4 21.
Re2 Kb7 22. g4 Qxd4 23. Be3 Qb4 24. Nb3 Ra6 25. a3 Qa4 26. h4 Rc8 27. Qd1 Raa8
28. h5 gxh5 29. g5 Ng8 30. Bc2 Qa6 31. Bf5 Rc7 32. Bxd7 Rxd7 33. Bc5 Kc7 34.
Bxd6+ Rxd6 35. Nc5 Qc8 36. Rxh5 Qf5+ 37. Ka1 d4 38. Ne4 Rd7 39. Rc2 d3 40. Rc5
Rd5 41. Rxd5 Qxd5 42. Rh7 Qd4 43. Kb1 Ne7 44. Nd2 Nf5 45. Nb3 Qe3 46. Rh1 Re8
47. Na5 Kb6 48. b4 Nd4 49. Kb2 d2 50. Rh2 Ne2 51. Qc2 Qd4+ 52. Ka2 Nc3+ 0-1

[Event "World Rapid 2023"]
[Site "Samarkand UZB"]
[Date "2023.12.28"]
[EventDate "2023.12.26"]
[Round "11.66"]
[Result "1-0"]
[White "Baskaran Adhiban"]
[Black "Raymond Song"]
[WhiteElo "2541"]
[BlackElo "2503"]
[PlyCount "50"]

1. b3 d5 2. Nf3 c5 3. e3 a6 4. Bb2 Nc6 5. d4 Nf6 6. dxc5 e6 7. a3 Bxc5 8. Nbd2
O-O 9. c4 dxc4 10. Bxc4 b5 11. Be2 Bb7 12. O-O Qe7 13. Qb1 Rfd8 14. Ng5 Rxd2 15.
Bxf6 Qxf6 16. Qxh7+ Kf8 17. Ne4 Qb2 18. Nxc5 Rxe2 19. Nxb7 Ke7 20. Rad1 Ne5 21.
Qe4 f6 22. Nc5 Ra7 23. Qh7 Qxa3 24. Qxg7+ Nf7 25. Ne4 1-0

[Event "World Rapid 2023"]
[Site "Samarkand UZB"]
[Date "2023.12.28"]
[EventDate "2023.12.26"]
[Round "11.67"]
[Result "1-0"]
[White "Alexander Riazantsev"]
[Black "Artem Uskov"]
[WhiteElo "2616"]
[BlackElo "2392"]
[PlyCount "142"]

1. d4 Nf6 2. c4 e6 3. Nc3 Bb4 4. e3 O-O 5. Bd3 d5 6. a3 Bxc3+ 7. bxc3 dxc4 8.
Bxc4 c5 9. Ne2 Qc7 10. Ba2 Nc6 11. O-O Rd8 12. Bb2 b6 13. c4 Ba6 14. Rc1 Rac8
15. h3 cxd4 16. exd4 Na5 17. d5 Bxc4 18. Bxf6 gxf6 19. Bxc4 Nxc4 20. Qd4 Rxd5
21. Qxf6 Qe5 22. Qf3 Qf5 23. Qb3 Rdc5 24. Ng3 Qe5 25. Rcd1 Ra5 26. a4 Nb2 27.
Rc1 Rac5 28. Rb1 Nc4 29. Rbd1 Nb2 30. Rd2 Nc4 31. Re2 Qg7 32. Rd1 Ne5 33. Qe3
Ng6 34. Rd7 Qa1+ 35. Kh2 Rc1 36. Rxa7 Rb1 37. Rxf7 Qxa4 38. Qxe6 Qc4 39. Qxc4
Rxc4 40. Rb7 Rf4 41. Nh5 Rf8 42. Rc2 Rb5 43. g4 Rc5 44. Rxc5 bxc5 45. Kg3 Rc8
46. Nf6+ Kf8 47. Nxh7+ Kg8 48. Nf6+ Kf8 49. Nd7+ Ke8 50. Nb6 Rd8 51. Nc4 Rd4 52.
Ne3 c4 53. Rc7 Ne5 54. f4 Re4 55. fxe5 Rxe3+ 56. Kf4 Rxh3 57. Rxc4 Ke7 58. Rc7+
Ke6 59. Rc6+ Ke7 60. g5 Rh1 61. Kf5 Rf1+ 62. Kg6 Re1 63. Rf6 Rxe5 64. Rf1 Re2
65. Kg7 Re3 66. g6 Re2 67. Kg8 Rg2 68. g7 Ra2 69. Rh1 Rg2 70. Kh8 Kf7 71. Rf1+ 1-0

[Event "World Rapid 2023"]
[Site "Samarkand UZB"]
[Date "2023.12.28"]
[EventDate "2023.12.26"]
[Round "11.68"]
[Result "1-0"]
[White "Liam Vrolijk"]
[Black "Ernur Amangeldy"]
[WhiteElo "2566"]
[BlackElo "2134"]
[PlyCount "64"]

1. d4 Nf6 2. Bg5 g6 3. Bxf6 exf6 4. e3 Bg7 5. c4 d5 6. Nc3 dxc4 7. Bxc4 O-O 8.
Nf3 f5 9. O-O a6 10. b4 Nc6 11. a3 f4 12. h3 h6 13. Qd2 Bf5 14. Rad1 fxe3 15.
fxe3 g5 16. Nh4 Be6 17. Bxe6 fxe6 18. Nf3 Ne7 19. Ne4 b6 20. Ng3 Nd5 21. Nh5 Bh8
22. Qd3 Qe8 23. g4 Nf6 24. Ng3 Nd5 25. Rf2 a5 26. Rdf1 Bg7 27. Nh5 Qe7 28. b5
Nf6 29. Nxg7 Qxg7 30. Ne5 Nd5 31. Rf7 Nf4 32. Rxg7+ 1-0

[Event "World Rapid 2023"]
[Site "Samarkand UZB"]
[Date "2023.12.28"]
[EventDate "2023.12.26"]
[Round "11.69"]
[Result "1/2-1/2"]
[White "Arystan Isanzhulov"]
[Black "Van Foreest, Lucas"]
[WhiteElo "2407"]
[BlackElo "2530"]
[PlyCount "128"]

1. e4 e5 2. Nf3 Nc6 3. Nc3 Nf6 4. d4 exd4 5. Nxd4 Bb4 6. Nxc6 bxc6 7. Bd3 O-O 8.
O-O d5 9. exd5 cxd5 10. h3 c6 11. Qf3 Rb8 12. Bf4 Bd6 13. b3 Qc7 14. Bxd6 Qxd6
15. Rfe1 Bd7 16. Qe3 c5 17. Qe7 Qxe7 18. Rxe7 Rfd8 19. Kf1 Kf8 20. Rae1 Rbc8 21.
R7e5 Be6 22. f4 c4 23. bxc4 dxc4 24. Bf5 Bxf5 25. Rxf5 Rd4 26. Re2 Rc6 27. g3 a6
28. Kf2 h5 29. Kf3 g6 30. Rfe5 Kg7 31. g4 hxg4+ 32. hxg4 Nd7 33. R5e4 Rdd6 34.
Re8 Nb6 35. f5 Nd7 36. Ne4 Rd1 37. Re7 gxf5 38. gxf5 Nf6 39. Ng5 Rf1+ 40. Rf2
Rxf2+ 41. Kxf2 Ng4+ 42. Kf3 Kf6 43. Rxf7+ Kxg5 44. Rg7+ Kxf5 45. Rxg4 Rh6 46.
Rxc4 Rh3+ 47. Ke2 Ra3 48. Rd4 Ke5 49. Rd8 Rxa2 50. Kd3 a5 51. c3 Ra4 52. c4 Ra3+
53. Kc2 Ke6 54. c5 Ke7 55. Rd5 Rh3 56. Kb2 a4 57. Ka2 Rc3 58. Kb2 Rh3 59. Rd4
a3+ 60. Ka2 Rc3 61. c6 Rxc6 62. Re4+ Re6 63. Rxe6+ Kxe6 64. Kxa3 Ke5 1/2-1/2

[Event "World Rapid 2023"]
[Site "Samarkand UZB"]
[Date "2023.12.28"]
[EventDate "2023.12.26"]
[Round "11.70"]
[Result "1-0"]
[White "Nikolay Averin"]
[Black "Ilia Iljiushenok"]
[WhiteElo "2246"]
[BlackElo "2547"]
[PlyCount "234"]

1. e4 c6 2. d4 d5 3. Nd2 dxe4 4. Nxe4 Nf6 5. Nxf6+ exf6 6. c3 Bd6 7. Bd3 Na6 8.
Ne2 Nc7 9. O-O h5 10. Qc2 Nd5 11. f4 Qe7 12. Ng3 Qc7 13. Qf2 h4 14. Ne4 f5 15.
Nxd6+ Qxd6 16. c4 Nf6 17. Qe3+ Kf8 18. Qe5 Qd8 19. h3 b6 20. b3 Be6 21. Bb2 Qd7
22. Qe3 Rh6 23. Rad1 Rd8 24. Qf2 Kg8 25. Bc2 b5 26. d5 cxd5 27. c5 b4 28. Bd4
Qc6 29. Qe3 Rg6 30. Bd3 a5 31. Qf2 Rh6 32. Rc1 Rd7 33. Qe2 Rb7 34. Ba6 Rb8 35.
Be5 Rd8 36. Bb5 Qc8 37. c6 d4 38. c7 Rf8 39. Bd6 Ne4 40. Bxf8 Qxf8 41. Ba6 Nc3
42. Qe5 Bc8 43. Bxc8 Qxc8 44. Rce1 Re6 45. Qxf5 g6 46. Qxa5 Ne2+ 47. Kh2 d3 48.
Rd1 Rd6 49. Qe5 Rd7 50. Rf3 Qxc7 51. Qxc7 Rxc7 52. Rfxd3 Nxf4 53. Rd4 g5 54.
R1d2 Rc1 55. Rd1 Rc3 56. Rxb4 Rc2 57. Rxf4 gxf4 58. Rf1 Rxa2 59. Rxf4 Rb2 60. b4
Kg7 61. Rxh4 Rb3 62. Rf4 Kg6 63. Kg1 Rb2 64. Kh2 Rb3 65. h4 f5 66. g3 Rb2+ 67.
Kh3 Rb3 68. Rc4 Kf6 69. Kg2 Ke5 70. Rf4 Rb2+ 71. Kh3 Rb1 72. Rc4 Rb3 73. h5 Rb1
74. Kh4 Kf6 75. Rc6+ Kg7 76. Kg5 Rxb4 77. Rc7+ Kg8 78. Kxf5 Rb5+ 79. Kg6 Rb6+
80. Kg5 Rb3 81. g4 Rb4 82. h6 Rb5+ 83. Kg6 Rb6+ 84. Kh5 Rb5+ 85. g5 Ra5 86. Rg7+
Kh8 87. Rf7 Kg8 88. Rf6 Kh7 89. Re6 Rb5 90. Re7+ Kg8 91. Kg6 Rb6+ 92. Kf5 Rb1
93. Kf6 Rf1+ 94. Kg6 Rf8 95. Re6 Ra8 96. Rf6 Rb8 97. Kh5 Rb5 98. Rg6+ Kh7 99.
Rg7+ Kh8 100. Rf7 Kg8 101. Re7 Ra5 102. Kg6 Ra6+ 103. Kf5 Ra1 104. Rg7+ Kh8 105.
Rf7 Kg8 106. Kg6 Ra6+ 107. Rf6 Ra8 108. Re6 Rb8 109. Re5 Rb6+ 110. Kh5 Rb1 111.
g6 Rh1+ 112. Kg5 Rg1+ 113. Kf6 Rf1+ 114. Rf5 Rh1 115. h7+ Kh8 116. g7+ Kxh7 117.
Kf7 1-0

[Event "World Rapid 2023"]
[Site "Samarkand UZB"]
[Date "2023.12.28"]
[EventDate "2023.12.26"]
[Round "11.71"]
[Result "1/2-1/2"]
[White "Bobir Sattarov"]
[Black "Vasquez Schroeder, Rodrigo"]
[WhiteElo "2353"]
[BlackElo "2475"]
[PlyCount "90"]

1. e4 c5 2. Nf3 d6 3. d4 cxd4 4. Nxd4 Nf6 5. f3 e6 6. c4 Be7 7. Nc3 O-O 8. Be3
Nc6 9. Be2 d5 10. cxd5 exd5 11. Nxc6 bxc6 12. exd5 Nxd5 13. Nxd5 cxd5 14. O-O
Bf6 15. Qd2 d4 16. Bf4 Qb6 17. Bd3 Ba6 18. Rf2 Rfe8 19. Rc1 Rac8 20. Rxc8 Rxc8
21. Re2 h6 22. h3 Bxd3 23. Qxd3 Qa5 24. a3 Qd5 25. Kh2 h5 26. Qe4 Qb5 27. g4 g6
28. a4 Qc4 29. gxh5 d3 30. Rg2 Qxe4 31. fxe4 Rc4 32. hxg6 Rxe4 33. gxf7+ Kxf7
34. Kg3 Rxa4 35. Kf3 Rb4 36. Rd2 Rb3 37. Ke4 Rb4+ 38. Kf5 Rb5+ 39. Ke4 Bxb2 40.
Rxd3 a5 41. Rd5 Rb4+ 42. Kf5 a4 43. Rd7+ Ke8 44. Ra7 Bd4 45. Ra6 1/2-1/2

[Event "World Rapid 2023"]
[Site "Samarkand UZB"]
[Date "2023.12.28"]
[EventDate "2023.12.26"]
[Round "11.72"]
[Result "0-1"]
[White "Gianmarco Leiva"]
[Black "Chithambaram VR Aravindh"]
[WhiteElo "2398"]
[BlackElo "2646"]
[PlyCount "138"]

1. d4 e6 2. Nf3 Nf6 3. Bf4 c5 4. e3 d5 5. c3 Bd6 6. Nbd2 O-O 7. Bd3 Bxf4 8. exf4
b6 9. Qe2 a5 10. O-O Ba6 11. Bxa6 Nxa6 12. a4 Nc7 13. Qe3 Qd6 14. Ne5 Nce8 15.
Rfe1 Qc7 16. g4 Nd6 17. h3 Rfc8 18. Ndf3 Nfe4 19. Re2 Qb7 20. Nd2 Nf6 21. f3
cxd4 22. Qxd4 b5 23. Nf1 Rab8 24. axb5 Qxb5 25. Ng3 Nc4 26. Nd3 Nd7 27. Kg2 Re8
28. Rae1 Qb6 29. Nf5 Qxd4 30. Nxd4 a4 31. f5 e5 32. Nc6 Rb6 33. Ndb4 Rb5 34. Nd4
Rc5 35. Nd3 Rcc8 36. Nb4 Ndb6 37. Ndc6 f6 38. f4 e4 39. Ra1 g6 40. Nd4 Nd6 41.
fxg6 hxg6 42. Ndc2 Ndc4 43. Ne3 Nxe3+ 44. Rxe3 d4 45. cxd4 Rc4 46. Na6 Nd5 47.
Ree1 Nxf4+ 48. Kg3 Nd3 49. Re2 f5 50. gxf5 gxf5 51. Nc5 f4+ 52. Kg4 f3 53. Rxe4
Nf2+ 54. Kxf3 Nxe4 55. Nxe4 Rb8 56. Nf6+ Kg7 57. Nd7 Rxb2 58. Nc5 Rc3+ 59. Ke4
a3 60. Kd5 Rxh3 61. Kc6 Rc2 62. Kb5 a2 63. Kb4 Rb2+ 64. Kc4 Ra3 65. d5 Rb1 66.
Rxa2 Rxa2 67. d6 Rc2+ 68. Kd5 Rb5 69. Kd4 0-1